000 00952cam a2200253 a 4500
001 12221308
005 20180122040421.0
008 001103s2001 mdu 001 0 eng
010 _a 00053608
020 _a0735519595 (alk. paper)
040 _aDLC
_cDLC
_dDLC
041 _aeng
042 _apcc
043 _an-us---
080 _a345.7305 ALL
082 0 0 _a345.7305 ALL
_221
100 _a14
101 _aJUR
245 0 0 _aComprehensive criminal procedure /
_cRonald Jay Allen ... [et al.].
525 _aKept up to date by supplements.
906 _a7
_bcbc
_corignew
_d1
_eocip
_f20
_gy-gencatlg
942 _2ddc
_cBK
999 _c40636
_d40636